| 000 | 00413nam a2200109Ia 4500 | ||
|---|---|---|---|
| 008 | 181011s9999 xx 000 0 und d | ||
| 100 | _aMushir-ul-Haq | ||
| 245 | 0 | _a"Inter- Religious Understanding, A step for Realisation of the ideal of the world Community" | |
| 500 | _aAl-Basheer the Bulletin of Christian Institute of Islamic Studies Jan - Mar 1973 | ||
| 650 | _aInterfaith Relations and Dialogue | ||
| 942 | _cBR | ||
| 999 |
_c21845 _d21845 |
||